| 000 | 02683nam a2200325 a 4500 | ||
|---|---|---|---|
| 001 | ASIN0199546851 | ||
| 005 | 20170105102905.0 | ||
| 008 | 131022s2010 xxu eng d | ||
| 020 |
_a0199546851 (paperback) _c$35.00 |
||
| 020 | _a9780199546855 (paperback) | ||
| 040 | _a0 | ||
| 050 | 0 | 4 | _aHV31 |
| 082 | 0 | 4 | _a320.5409 |
| 100 | 1 | _aBeland, Daniel. | |
| 245 | 1 | 0 |
_aNationalism and social policy : _bthe politics of territorial solidarity / _cDaniel Beland, Andre Lecours. |
| 260 |
_a[S.l.] : _bOxford University Press, USA, _c2010. |
||
| 300 |
_a272 p. ; _c24 cm. |
||
| 520 | _aDespite the recent proliferation of literature on nationalism and on social policy, relatively little has been written to analyze the possible interaction between the two. Scholars interested in social citizenship have indirectly dealt with the interaction between national identity and social programs such as the British NHS, but they have seldom examined this connection in reference to nationalism. Specialists of nationalism rarely mention social policy, focusing instead on language, culture, ethnicity, and religion. The main objective of Nationalism and Social Policy is to explore the nature of the connection between nationalism and social policy from a comparative and historical perspective. At the theoretical level, this analysis will shed new light on a more general issue: the relationships between identity formation, territorial politics, and social policy. Although this book refers to the experience of many different countries, the main cases are three multinational states, that is, states featuring strong nationalist movements: Canada (Quebec), the United Kingdom (Scotland), and Belgium (Flanders). Nationalism and Social Policy looks at the interplay between nationalism and social policy at both the state and sub-state levels through a detailed comparison between these three cases. In its concluding chapter, the book brings in cases of mono-national states (i.e. France, Germany, Sweden, and the United States) to provide broader comparative insight on the meshing of nationalism and social policy. The original theoretical framework for this research is built using insight from selected scholarship on nationalism and on the welfare state. | ||
| 650 | 0 | _aAutonomy and independence movements | |
| 650 | 0 | _aBelgium--Flanders | |
| 650 | 0 | _aCanada | |
| 650 | 0 | _aGreat Britain | |
| 650 | 0 | _aPublic welfare--Political aspects | |
| 650 | 0 | _aScotland | |
| 650 | 0 | _aSeparatist movements | |
| 650 | 0 | _aSocial policy | |
| 700 | 1 | _aLecours, Andre. | |
| 856 | 4 | 0 |
_3Amazon.com _uhttp://www.amazon.com/exec/obidos/ASIN/0199546851/chopaconline-20 |
| 942 |
_2ddc _cBK |
||
| 999 |
_c14816 _d14816 |
||